| 000 | 00501nam a2200145Ia 4500 | ||
|---|---|---|---|
| 008 | 140724s9999 xx 000 0 und d | ||
| 050 |
_aHF 5549 _b.R488 2014 |
||
| 100 | _aRicardo, Rachel Mae O. | ||
| 245 |
_aCoping with challenges of diversity of BDO Unibank Employees / _cRachel Mae O. Ricardo. |
||
| 260 |
_aLas PiƱas, Philippines : _bSouthville International School and Colleges, _cc2014. |
||
| 300 |
_a119 p. : _c28 cm. |
||
| 521 | _aHuman Resource Management | ||
| 942 | _cTH | ||
| 999 |
_c229129 _d229129 |
||